| 000 | 01405nam a2200397Ic 4500 | ||
|---|---|---|---|
| 001 | 58347 | ||
| 003 | CO-BoRNBP | ||
| 005 | 20250821210149.0 | ||
| 007 | ta | ||
| 008 | 180815s2016 ck g 000 0 spa | ||
| 020 | _a9789588940977 | ||
| 040 |
_aCO-BoRNBP _bspa _erda _cCO-BoRNBP |
||
| 041 | _aspa | ||
| 082 | 0 | 4 |
_a211.808 _bH37d |
| 100 |
_aHitchens, Christopher _d1949- _eaut _962985 |
||
| 245 | 1 | 0 |
_aDios no existe : _blecturas esenciales para el no creyente / _cChristopher Hitchens. |
| 250 |
_aPrimera edición _bprimera impresión |
||
| 264 | 1 |
_aBogotá, Colombia : _bDebolsillo, _c2016 |
|
| 300 | _a669 páginas | ||
| 336 |
_atexto _btxt _2rdacontent |
||
| 337 |
_asin mediación _bn _2rdamedia |
||
| 338 |
_avolumen _bnc _2rdacarrier |
||
| 490 | 0 | _aEnsayo | |
| 500 | _aIncluye índice alfabético | ||
| 521 | _aRecomendado para público adulto | ||
| 534 | _tThe portable atheist | ||
| 650 | 0 | 7 |
_aAgnosticismo _vEnsayos, conferencias, etc. _2lemb _962986 |
| 650 | 0 | 7 |
_aAteísmo _vEnsayos, conferencias, etc. _2lemb _962987 |
| 650 | 0 | 7 |
_aCreencia y duda _vEnsayos, conferencias, etc. _2LEMB _962988 |
| 650 | 0 | 7 |
_aExistencia de dios _vEnsayos, conferencias, etc. _2lemb _962989 |
| 655 |
_aEnsayos, conferencias, etc. _962990 |
||
| 655 |
_aEnsayos, conferencias, etc. _962990 |
||
| 655 |
_aEnsayos, conferencias, etc. _962990 |
||
| 655 |
_aEnsayos, conferencias, etc. _962990 |
||
| 942 |
_2ddc _cBK |
||
| 999 |
_c58347 _d58347 |
||